[Event "DEN-ch KK 2020"]
[Site "Svendborg"]
[Date "2020.10.14"]
[Round "3.6"]
[White "Kolbak, Jens"]
[Black "Nordenbaek, Jan"]
[Result "1/2-1/2"]
[WhiteElo "2114"]
[BlackElo "2238"]
[Annotator "TA"]
[PlyCount "35"]
[EventDate "2020.10.09"]
[EventType "tourn"]
[EventCountry "DEN"]
[SourceTitle "playchess.com"]
[Source "ChessBase"]
[SourceQuality "1"]

{[%evp 11,35,-3,20,5,16,0,0,0,6,-16,10,0,14,-14,4,-22,14,0,30,21,32,20,39,25,18,13]} 1. d4 d5 2. Nf3 Nf6 3. g3 c5 4. Bg2 Nc6 5. O-O e6 6. b3 b6 7. Bb2 {D02: 1 d4 d5 2 Nf3 sidelines, including 2...Nf6 3 g3 and 2...Nf6 3 Bf4.} Bb7 8. Nbd2 Be7 9. e3 O-O 10. Qe2 Rc8 {[#]} 11. Rfc1 $146 ({Predecessor:} 11. Rad1 Qc7 12. dxc5 bxc5 13. c4 Ba6 14. e4 Rcd8 15. Rfe1 d4 16. e5 Nd7 17. a3 {1-0 (34) Shirazi,K (2448)-Bruned,B (2227) Metz 2008}) 11... Rc7 12. Ne1 Re8 13. Nd3 Ba6 14. dxc5 bxc5 {[#] Hoping for ...c4.} 15. c4 Nb4 16. Ne5 Qc8 17. a3 Nc6 18. Ndf3 {A rather calm draw. Av CentiPawn Loss W=-14/B=-14. Weighted=-14/-15} 1/2-1/2

[Event "DEN-ch KK 2020"]
[Site "Svendborg"]
[Date "2020.10.14"]
[Round "3.7"]
[White "Thuesen, Mogens"]
[Black "Meskenas, Paulius"]
[Result "1/2-1/2"]
[WhiteElo "2210"]
[BlackElo "2032"]
[Annotator "TA"]
[PlyCount "76"]
[EventDate "2020.10.09"]
[EventType "tourn"]
[EventCountry "DEN"]
[SourceTitle "playchess.com"]
[Source "ChessBase"]
[SourceQuality "1"]

{[%evp 17,76,-4,0,-7,-7,-18,-10,-12,-10,-25,-16,-25,-30,-13,-11,-15,-17,-91,-8,-7,0,-83,-85,-89,-4,-106,-29,-32,-25,-16,-27,-60,-60,-60,-60,-60,-60,-74,-74,-74,-74,-76,-80,-102,-93,-113,-100,-95,-83,-131,-78,-78,-67,-68,0,-6,0,0,0,0,0]} 1. d4 Nf6 2. Bg5 d5 3. Bxf6 exf6 4. e3 Bd6 5. c4 dxc4 6. Bxc4 O-O 7. Nf3 f5 8. Nc3 c6 9. O-O Nd7 10. Rb1 {D00: 1 d4 d5: Unusual lines.} Nf6 11. Qc2 Qe7 12. a3 g6 {[#]} 13. b4 $146 ({Predecessor:} 13. Rfd1 Re8 14. d5 c5 15. Nb5 Bd7 16. b4 Bxb5 17. Bxb5 Rec8 18. Qb3 cxb4 19. axb4 {0-1 (40) Cebalo,M (2423)-Bogner,S (2593) Triesen 2014}) 13... b5 14. Bd3 a5 {[%cal Ra5b4]} 15. d5 axb4 16. axb4 cxd5 17. Bxb5 (17. Qb3 $11 {remains equal.}) 17... Bxb4 (17... Bb7 $17 18. Ne2 Bxb4) 18. Bc6 $1 $11 {[%cal Rc6a8]} Ra5 19. Nd4 (19. Nxd5 $1 $11 {keeps the balance.} Rxd5 20. Qc4 {[%mdl 64] Double Attack}) 19... Ba6 $17 20. Rfc1 Bc4 (20... Rc8 $17 {...Ng4 is the strong threat.} 21. Qb2 Bd6) 21. Bb5 {[#]} (21. Bxd5 $1 $11 {was the only way to keep the balance.} Bxd5 22. Nxd5 Nxd5 23. Nc6) 21... Bxc3 (21... Ng4 $1 $17 {And now ...Bxc3 would win.} 22. h3 Ne5) 22. Qxc3 $11 Ra3 23. Nc6 $1 {[%cal Rc6e7]} Qd6 24. Qb4 Qxb4 25. Rxb4 Bxb5 26. Rxb5 Kg7 27. h3 Rc8 $36 {[%mdl 2048] Black is on the roll.} 28. Rbc5 Ne4 29. R5c2 h5 30. Nb4 Rxc2 31. Rxc2 $17 {[%mdl 4096] Endgame KRN-KRN} Ra1+ 32. Kh2 Rd1 33. f3 Nd2 (33... Nf6 $142 34. Kg3 d4 35. exd4 Rxd4) 34. Kg3 Nb3 35. Rc3 Nd2 ({Black should play} 35... Nc1 $1 $15 36. Kf2 d4 37. exd4 Rxd4) 36. Rd3 {The position is equal.} Nf1+ 37. Kf2 Rxd3 38. Nxd3 Nd2 {Av CentiPawn Loss W=-15/B=-14. Weighted=-18/-17} 1/2-1/2

[Event "DEN-ch KK 2020"]
[Site "Svendborg"]
[Date "2020.10.14"]
[Round "3.8"]
[White "Nilssen, Ellen Fredericia"]
[Black "Kakulidis, Ellen"]
[Result "0-1"]
[WhiteElo "2209"]
[BlackElo "2073"]
[Annotator "TA"]
[PlyCount "104"]
[EventDate "2020.10.09"]
[EventType "tourn"]
[EventCountry "DEN"]
[SourceTitle "playchess.com"]
[Source "ChessBase"]
[SourceQuality "1"]

{[%evp 19,103,12,10,13,14,12,14,0,0,0,0,0,8,0,0,0,14,7,2,-9,13,10,1,2,6,-18,0,-12,-6,-7,-7,-8,0,-221,-215,-260,-254,-254,-244,-328,-316,-363,-289,-299,-302,-296,-272,-266,-286,-265,-257,-301,-290,-280,-276,-499,-352,-328,-291,-298,-298,-315,-304,-420,-409,-434,-412,-533,-516,-509,-429,-487,-472,-646,-620,-583,-562,-1025,-983,-883,-891,-879,-875,-29991,-29992,-29999]} 1. d4 d5 2. Nf3 e6 3. c4 Be7 4. Nc3 Nf6 5. Bg5 Nbd7 6. e3 h6 7. Bh4 O-O 8. Bd3 c5 9. cxd5 Nxd5 10. Bxe7 Nxe7 11. O-O {D60: Queen's Gambit Declined: Classical: Unusual White 7th moves.} cxd4 12. Nxd4 Nf6 13. Qe2 {The position is equal.} Bd7 14. Rfd1 {[#]} Qa5 $146 ({Predecessor:} 14... Qb6 15. Rac1 Rac8 16. Ne4 Ned5 17. Nb3 Ba4 18. Nxf6+ Nxf6 19. Rxc8 Rxc8 20. Rc1 Rxc1+ 21. Nxc1 {0-1 (75) Tombolis,C (1799)-Blasco Coll,A (2236) London 2017}) 15. Ne4 Nfd5 16. Nd6 Qc7 17. N6b5 Qb8 18. Nb3 a6 19. N5d4 Nc6 20. Be4 Nxd4 21. Rxd4 Nf6 22. Bc2 Bb5 23. Qd2 e5 24. Rd6 Ne8 $36 {[%mdl 2048] Black has some pressure.} 25. Rd5 $1 Nf6 {[%cal Be8f6,Bf6d5,Bd5c3][%mdl 32]} 26. Rc5 $2 {Black converts the advantage convincingly.} (26. Rd6 $1 $11 {and White is okay.}) 26... b6 $19 27. Rc3 Rd8 28. Qe1 Nd5 29. a4 Nxc3 30. Qxc3 Rc8 31. Qd2 Bc6 32. a5 Qb7 33. axb6 Qxb6 (33... Bxg2 34. Na5 $19) 34. Na5 Bb5 35. Be4 Rd8 36. Qb4 Rac8 37. Nb7 $2 (37. b3) 37... Rd7 38. Na5 {and the idea Bf5 leaves White hopeful.} Rdc7 39. Qe1 g6 40. h3 Kg7 41. Kh2 Rd8 42. Qb4 Qd6 43. Qb3 {White hopes to continue with Nb7.} Qf6 44. f3 h5 45. Qb4 Qg5 46. Re1 h4 47. Kh1 Qg3 {[#] aiming for ...Rcd7.} 48. Nb7 Rc4 49. Qa5 Rd7 50. b3 {[#]} Rxe4 $1 {[%mdl 512]} 51. Nc5 (51. fxe4 Rxb7) 51... Rxe3 $1 52. b4 Rxe1# {Av CentiPawn Loss W=-61/B=-15. Weighted=-76/-10} 0-1

[Event "DEN-ch KK 2020"]
[Site "Svendborg"]
[Date "2020.10.14"]
[Round "3.9"]
[White "Easwaralingam, Adesh"]
[Black "Thorsbro, Peter"]
[Result "0-1"]
[WhiteElo "2110"]
[BlackElo "2165"]
[Annotator "NA RC"]
[PlyCount "126"]
[EventDate "2020.10.09"]
[EventType "tourn"]
[EventCountry "DEN"]
[SourceTitle "playchess.com"]
[Source "ChessBase"]
[SourceQuality "1"]
[TimeControl "40/5400+30:1800+30"]

1. e4 {[%emt 0:00:00]} e5 {[%emt 0:00:00]} 2. Nf3 {[%emt 0:00:00]} Nc6 {[%emt 0:00:00]} 3. Bb5 {[%emt 0:00:07]} Nf6 {[%emt 0:00:22]} 4. d3 {[%emt 0:00:09]} Bc5 {[%emt 0:00:21]} 5. O-O {[%emt 0:00:52]} d6 {[%emt 0:00:39]} 6. c3 {[%emt 0:00:35]} O-O {[%emt 0:00:35]} 7. h3 {[%emt 0:01:58]} h6 {[%emt 0:06:21]} 8. Nbd2 {[%emt 0:04:39]} a6 {[%emt 0:06:47]} 9. Ba4 {[%emt 0:03:19]} Ba7 {[%emt 0:01:20]} 10. Bb3 {[%emt 0:02:51]} Re8 {[%emt 0:01:05]} 11. Re1 {[%emt 0:00:52]} Be6 {[%emt 0:00:31]} 12. Nf1 {[%emt 0:01:51]} d5 {[%emt 0:04:16]} 13. Ng3 {[%emt 0:06:22]} dxe4 {[%emt 0:02:51]} 14. dxe4 {[%emt 0:05:06]} Qxd1 {[%emt 0:00:37]} 15. Bxd1 {[%emt 0:03:10]} Rad8 {[%emt 0:02:57]} 16. Bc2 {[%emt 0:01:27]} Bc5 $11 {[%emt 0:17:29]} 17. Be3 {[%emt 0:02:27]} Bxe3 {[%emt 0:04:53]} 18. Rxe3 {[%emt 0:01:40]} Nd7 {[%emt 0:00:51]} 19. Ne1 {[%emt 0:16:19]} Nb6 {[%emt 0:18:42]} 20. Nd3 {[%emt 0:02:41]} Nc4 {[%emt 0:00:03]} 21. Re2 {[%emt 0:00:25]} b6 {[%emt 0:00:33]} 22. Rd1 {[%emt 0:15:16]} Re7 {[%emt 0:03:44]} 23. Nb4 {[%emt 0:03:47]} Rxd1+ {[%emt 0:00:35]} 24. Bxd1 {[%emt 0:00:09]} Nxb4 {[%emt 0:02:42]} 25. cxb4 {[%emt 0:00:06]} Nd6 {[%emt 0:08:25]} 26. b3 {[%emt 0:09:49]} Nb5 {[%emt 0:00:29]} 27. Rd2 {[%emt 0:00:07]} Rd7 {[%emt 0:00:56]} 28. Rxd7 {[%emt 0:00:58]} Bxd7 {[%emt 0:00:02]} 29. Ne2 {[%emt 0:00:33]} Nd4 {[%emt 0:08:02]} 30. Nxd4 {[%emt 0:01:48]} exd4 {[%emt 0:00:02]} 31. Be2 {[%emt 0:01:02]} a5 {[%emt 0:00:54]} 32. bxa5 {[%emt 0:01:57]} bxa5 {[%emt 0:00:02]} 33. Bc4 {[%emt 0:01:29]} Kf8 {[%emt 0:04:25]} 34. Kf1 {[%emt 0:00:54]} f5 {[%emt 0:00:48]} 35. exf5 {[%emt 0:05:32]} Bxf5 {[%emt 0:00:02]} 36. Ke2 {[%emt 0:00:13]} Ke7 {[%emt 0:00:37]} 37. f4 {[%emt 0:04:20]} Kd6 {[%emt 0:01:25]} 38. a3 {[%emt 0:00:46]} Kc5 {[%emt 0:02:09]} 39. Bf7 {[%emt 0:01:50]} Be4 {[%emt 0:00:52]} 40. g4 {[%emt 0:01:02]} g5 {[%emt 0:01:13]} 41. f5 {[%emt 0:19:10]} Kd6 {[%emt 0:01:21]} 42. Kf2 {[%emt 0:09:54]} c5 {[%emt 0:00:38]} 43. Bc4 {[%emt 0:00:10]} Ke5 {[%emt 0:00:12]} 44. Bf7 {[%emt 0:01:12]} Bb1 {[%emt 0:00:25]} 45. Kf3 {[%emt 0:01:06]} Ba2 {[%emt 0:00:38]} 46. a4 {[%emt 0:00:07]} Bb1 {[%emt 0:00:32]} 47. Bc4 {[%emt 0:00:29]} Be4+ {[%emt 0:01:33]} 48. Kf2 {[%emt 0:00:07]} Kf6 {[%emt 0:03:49]} 49. Kg3 {[%emt 0:01:40]} h5 {[%emt 0:03:35]} 50. Kf2 {[%emt 0:00:24]} h4 {[%emt 0:03:56]} 51. Bf1 {[%emt 0:01:30]} Ke5 {[%emt 0:00:22]} 52. Ke1 {[%emt 0:00:59]} d3 {[%emt 0:10:58]} 53. Kd2 {[%emt 0:00:05]} Bd5 {[%emt 0:00:01]} 54. Bxd3 {[%emt 0:00:40]} Bxb3 {[%emt 0:00:02]} 55. Bb5 {[%emt 0:00:09]} Bd5 {[%emt 0:01:01]} 56. Ke3 {[%emt 0:00:49]} Bg2 {[%emt 0:00:10]} 57. Kf2 {[%emt 0:00:20]} Bd5 {[%emt 0:01:25]} 58. Ke3 {[%emt 0:00:15]} c4 {[%emt 0:01:44]} 59. Kf2 {[%emt 0:00:54]} c3 {[%emt 0:00:37]} 60. Ke3 {[%emt 0:00:44]} Bg2 {[%emt 0:00:57]} 61. Kd3 {[%emt 0:00:25]} Bxh3 {[%emt 0:00:19]} 62. Bd7 {[%emt 0:00:08]} Bg2 {[%emt 0:00:30]} 63. Kxc3 {[%emt 0:00:04]} h3 {[%emt 0:00:09]} 0-1

[Event "DEN-ch KK 2020"]
[Site "Svendborg"]
[Date "2020.10.14"]
[Round "3.10"]
[White "Kistrup, Nicolai"]
[Black "Rossen, Claus"]
[Result "1/2-1/2"]
[WhiteElo "2128"]
[BlackElo "2099"]
[Annotator "NA RC"]
[PlyCount "84"]
[EventDate "2020.10.09"]
[EventType "tourn"]
[EventCountry "DEN"]
[SourceTitle "playchess.com"]
[Source "ChessBase"]
[SourceQuality "1"]
[TimeControl "40/5400+30:1800+30"]

1. d4 {[%emt 0:00:00]} g6 {[%emt 0:00:00]} 2. c4 {[%emt 0:00:00]} Bg7 {[%emt 0:00:00]} 3. Nc3 {[%emt 0:03:12]} d6 {[%emt 0:00:00]} 4. e4 {[%emt 0:05:27]} Nc6 {[%emt 0:01:09]} 5. Be3 {[%emt 0:13:01]} e5 {[%emt 0:00:22]} 6. Nge2 {[%emt 0:10:49]} f5 {[%emt 0:03:57]} 7. dxe5 {[%emt 0:11:06]} dxe5 {[%emt 0:05:06]} 8. exf5 {[%emt 0:08:24]} gxf5 {[%emt 0:03:23]} 9. Qxd8+ {[%emt 0:03:20]} Nxd8 {[%emt 0:01:09]} 10. f4 {[%emt 0:06:00]} Ne6 {[%emt 0:05:28]} 11. fxe5 {[%emt 0:09:34]} Bxe5 {[%emt 0:00:25]} 12. g3 {[%emt 0:02:07]} Nf6 {[%emt 0:03:12]} 13. Bg2 $11 {[%emt 0:04:00]} c6 {[%emt 0:15:01]} 14. Rf1 {[%emt 0:06:21]} Ng4 {[%emt 0:10:08]} 15. Bg1 {[%emt 0:00:26]} Ng5 {[%emt 0:00:12]} 16. h3 {[%emt 0:03:39]} Nf6 {[%emt 0:00:16]} 17. Bd4 {[%emt 0:00:42]} Bxd4 {[%emt 0:11:07]} 18. Nxd4 {[%emt 0:00:07]} O-O {[%emt 0:00:03]} 19. O-O-O {[%emt 0:03:34]} Nfe4 {[%emt 0:05:30]} 20. Nxe4 {[%emt 0:02:20]} Nxe4 {[%emt 0:00:35]} 21. Bxe4 {[%emt 0:01:54]} fxe4 {[%emt 0:00:07]} 22. Rxf8+ {[%emt 0:00:24]} Kxf8 {[%emt 0:00:05]} 23. g4 {[%emt 0:01:04]} Bd7 {[%emt 0:01:30]} 24. Kd2 {[%emt 0:03:17]} c5 {[%emt 0:04:11]} 25. Nf5 {[%emt 0:00:17]} Bxf5 {[%emt 0:02:39]} 26. Rf1 {[%emt 0:00:21]} Rd8+ {[%emt 0:00:05]} 27. Ke2 {[%emt 0:00:17]} Rd3 {[%emt 0:01:10]} 28. Rxf5+ {[%emt 0:00:07]} Kg7 {[%emt 0:02:40]} 29. Rxc5 {[%emt 0:00:38]} Rxh3 {[%emt 0:00:22]} 30. Rc7+ {[%emt 0:00:37]} Kf6 {[%emt 0:01:17]} 31. Rxb7 {[%emt 0:00:14]} Ke5 {[%emt 0:00:17]} 32. Rxa7 {[%emt 0:02:07]} Kd4 {[%emt 0:09:58]} 33. Rd7+ {[%emt 0:00:10]} Kxc4 {[%emt 0:00:05]} 34. a4 {[%emt 0:00:30]} h5 {[%emt 0:10:11]} 35. gxh5 {[%emt 0:00:42]} Rxh5 {[%emt 0:00:04]} 36. Ke3 {[%emt 0:00:32]} Kb3 {[%emt 0:01:46]} 37. Rb7+ {[%emt 0:00:36]} Kxa4 {[%emt 0:00:08]} 38. Kxe4 {[%emt 0:00:08]} Rb5 {[%emt 0:00:15]} 39. Rd7 {[%emt 0:00:52]} Rxb2 {[%emt 0:00:08]} 40. Ra7+ {[%emt 0:00:18]} Kb3 {[%emt 0:00:04]} 41. Rb7+ {[%emt 0:30:04]} Kc3 {[%emt 0:30:04]} 42. Rxb2 {[%emt 0:00:14]} Kxb2 {[%emt 0:00:04]} 1/2-1/2

[Event "DEN-ch KK 2020"]
[Site "Svendborg"]
[Date "2020.10.14"]
[Round "3.11"]
[White "Steffensen, Elena"]
[Black "Liu, Casper"]
[Result "0-1"]
[WhiteElo "2081"]
[BlackElo "2155"]
[Annotator "TA"]
[PlyCount "70"]
[EventDate "2020.10.09"]
[EventType "tourn"]
[EventCountry "DEN"]
[SourceTitle "playchess.com"]
[Source "ChessBase"]
[SourceQuality "1"]

{[%evp 12,70,-22,-58,-23,-25,-33,-29,-31,-90,-16,-62,0,-10,0,-16,-13,-94,-33,-30,-35,-44,-29,-58,0,0,24,-83,-82,-209,-203,-216,-218,-216,-208,-306,-267,-562,-349,-325,-347,-342,-330,-755,-375,-437,-437,-419,-346,-444,-279,-304,-260,-266,-262,-741,-725,-3545,-2830,-29997,-29995]} 1. e4 c5 2. Nc3 Nc6 3. f4 g6 4. Nf3 Bg7 5. Bc4 e6 6. O-O Nge7 7. e5 d5 {B23: Closed Sicilian: Lines without g3.} 8. Bb5 O-O 9. Bxc6 Nxc6 {Black has an edge.} 10. d3 (10. Ne2 $15) 10... a6 (10... f6 $17 {[%cal Rf6e5]} 11. exf6 Qxf6) 11. Qe1 b5 ({Black should play} 11... b6 $15) 12. Qf2 $11 Qe7 {[#]} 13. a3 $146 ({Predecessor:} 13. Bd2 Bb7 14. Rae1 Nb4 15. a3 Nc6 16. g4 b4 17. Na4 d4 18. Ng5 bxa3 19. bxa3 {1-0 (37) Mejia,C (1972)-Lozano,A (1931) Manila 2016}) 13... f6 14. Qe2 (14. exf6 $11 {keeps the balance.} Bxf6 15. Ne2) 14... Nd4 ({Black should try} 14... Bb7 $17 {aiming for ...fxe5.} 15. exf6 Bxf6) 15. Nxd4 $15 cxd4 16. exf6 Qxf6 17. Nd1 Bb7 ({Better is} 17... e5 $15) 18. Nf2 $11 Rac8 19. Nh3 (19. Ng4 $11 {remains equal.} Qf5 20. Re1) 19... e5 $36 {[%mdl 2048] Keeping White busy.} 20. c3 {This move loses the game for White.} (20. Qxe5 $17 Rxc2 21. Qxf6 Rxf6 {[#]} 22. f5 $1 {[%mdl 512]}) 20... dxc3 $19 21. bxc3 exf4 (21... Rxc3 22. Bb2 $15) 22. Bxf4 Rce8 ({Resist} 22... Rxc3 23. Bd2 $17) (22... Qxc3 23. Qe6+ Kh8 24. Rae1 $17) 23. Qg4 (23. Qb2 {was called for.}) 23... Bc8 24. Qf3 $2 (24. Qg3 Qxc3 25. Bd6) 24... Bxh3 25. gxh3 Qxc3 26. Qxd5+ Kh8 27. Rac1 $2 (27. Rad1 Qxa3 28. Bg3) 27... Qxa3 (27... Bd4+ $142 28. Kg2 Qb2+ 29. Kg3 g5) 28. Bd6 Rxf1+ 29. Rxf1 Qb2 30. Qc6 Rd8 31. Be7 Qd4+ 32. Kg2 {[#]} Qd7 $1 {[%mdl 512]} 33. Qc5 $2 (33. Qxd7 Rxd7 34. Bb4) 33... Qb7+ 34. Kg3 Rxd3+ 35. Kg4 {[#]} Qg2+ $1 {Av CentiPawn Loss W=-145/B=-68. Weighted=-104/-50} 0-1

[Event "DEN-ch KK 2020"]
[Site "Svendborg"]
[Date "2020.10.14"]
[Round "3.12"]
[White "Holm, Filip"]
[Black "Hald Falkesgaard, Jeppe"]
[Result "0-1"]
[WhiteElo "2210"]
[BlackElo "1984"]
[Annotator "TA"]
[PlyCount "56"]
[EventDate "2020.10.09"]
[EventType "tourn"]
[EventCountry "DEN"]
[SourceTitle "playchess.com"]
[Source "ChessBase"]
[SourceQuality "1"]

{[%evp 12,56,2,3,43,2,5,-2,28,8,14,10,20,-39,-22,-15,-11,-12,-10,-75,-66,-124,-126,-135,-125,-137,-126,-126,-82,-77,-30,-25,-31,-61,27,17,26,-565,-550,-550,-571,-600,-633,-715,-697,-745,-715]} 1. e4 c5 2. c3 Nf6 3. e5 Nd5 4. Nf3 Nc6 5. Bc4 Nb6 6. Bb3 d6 {Recently 6...d5 got a lot of attention.} 7. exd6 e6 {B22: Sicilian: 2 c3.} 8. Na3 Bxd6 9. d4 cxd4 {The position is equal.} 10. Nb5 O-O {[#]} 11. Nbxd4 $146 ({Predecessor:} 11. Nxd6 Qxd6 12. cxd4 Rd8 13. O-O Nxd4 14. Nxd4 Qxd4 15. Qh5 Bd7 16. Rd1 Qe4 17. Bg5 {0-1 (48) Jahn,C (2175)-Kaenel,H (2385) Baden 1998}) 11... Nxd4 12. cxd4 (12. Nxd4 $11 e5 13. Nf3) 12... Nd5 13. O-O b6 14. Ne5 Bb7 15. Bc2 (15. Qg4 $11 {remains equal.}) 15... Qh4 $17 16. g3 ({White should try} 16. Nf3 $15 Qh5 17. h3) 16... Qh3 {[#] ( -> ...Qg2+!)} 17. f3 Rfd8 18. Qe1 Rac8 19. Be4 f6 $40 {[%mdl 128] Black is out for blood.} 20. Nd3 f5 ({Stronger than} 20... Rc2 21. Nf2 $16) 21. Bxd5 $1 Bxd5 ({Reject} 21... exd5 $6 22. Qe6+ Kh8 23. Bf4 $16) 22. Bf4 Bc4 (22... Be7 $1 $15) 23. Bxd6 $11 {[#] Threatens to win with Rc1.} Rxd6 24. Nf4 $2 {[%mdl 8192] Loses the game.} (24. Rc1 $11 {and White stays safe.} Qh6 25. Ne5 Rxd4 26. Rc2) 24... Qxf1+ $19 {Black is clearly winning.} 25. Qxf1 Bxf1 26. Kxf1 Rxd4 27. Nxe6 Rd2 28. Re1 Rcc2 {Av CentiPawn Loss W=-49/B=-15. Weighted=-47/-18} 0-1

[Event "DEN-ch KK 2020"]
[Site "Svendborg"]
[Date "2020.10.15"]
[Round "4.1"]
[White "Rewitz, Poul"]
[Black "Georgescu, Lena"]
[Result "1-0"]
[WhiteElo "2222"]
[BlackElo "2276"]
[Annotator "TA"]
[PlyCount "83"]
[EventDate "2020.10.09"]
[EventType "tourn"]
[EventCountry "DEN"]
[SourceTitle "playchess.com"]
[Source "ChessBase"]
[SourceQuality "1"]

{[%evp 16,83,14,15,29,23,27,21,30,31,35,0,18,-20,-19,-18,-6,-58,0,0,0,-46,-34,-59,-14,-29,0,-5,-9,-6,0,-60,-61,-82,-20,-20,-29,-49,28,34,29,14,77,76,72,87,125,116,622,612,599,588,593,583,29971,29972,29968,29969,29974,29971,29974,29969,29974,29964,29975,29976,29977,29977,29977,29978]} 1. c4 Nf6 2. Nc3 c5 3. Nf3 e6 4. e4 Nc6 5. d4 cxd4 6. Nxd4 Bb4 7. Nxc6 dxc6 8. Qxd8+ Kxd8 9. e5 $1 {[%mdl 4] is recently more successful than 9.Bd2.} Bxc3+ {B44: Sicilian: Taimanov: 5 Nb5.} 10. bxc3 Nd7 11. Bg5+ Kc7 {The position is equal.} 12. Be7 Nxe5 {[#]} 13. c5 $146 {aiming for Bd6+.} (13. O-O-O $5 {[%cal Re7d6]} Nd7 14. Bd6+ Kd8 15. Be2 $14) ({Predecessor:} 13. Rd1 Ng6 14. Bd6+ Kb6 15. Rb1+ Ka6 16. c5+ Ka5 17. Bc7+ Ka4 18. Rb4+ Ka3 19. Rb3+ Ka4 20. Kd2 e5 21. Kc2 b6 22. Kb2 {1-0 (22) Borsavolgyi,T (2225)-Pozsonyi,I (2061) Hungary 2014}) 13... Nd7 14. h4 b6 15. Bd6+ Kd8 16. h5 ({White should play} 16. Rd1 $11) 16... h6 ({But not} 16... bxc5 $6 17. Be2 $14) ({Better is} 16... Nxc5 $15 17. O-O-O Ke8) 17. Rh4 $11 Nxc5 18. Rg4 Rg8 19. Be5 g6 20. O-O-O+ Bd7 21. Be2 Kc8 22. Rgd4 a5 23. g3 (23. hxg6 $11 Rxg6 24. Bf3) 23... gxh5 $15 24. Bd6 {[#] Bxc5 is the strong threat.} Be8 (24... e5 $1 $17 25. Rh4 (25. Bxe5 Bg4) 25... Rg5 26. Bxh5 Be6) 25. Bxh5 Kb7 26. Bf3 f6 (26... Rg5 $15) 27. Bxc5 $11 bxc5 28. Rd6 $36 {[%mdl 2048] White is pushing.} Rc8 (28... Rg5 $11) 29. Rxe6 $16 Rf8 30. Rdd6 Bf7 31. Rd7+ Rc7 $2 {[%mdl 8192] Black cannot hold the game after this.} (31... Kb6 $16 32. Ree7 Bg8) 32. Rxc7+ $18 Kxc7 33. Rxf6 {[%mdl 4096] Endgame KRB-KRB} Kd7 {[#]} 34. Bh5 $1 {[%mdl 512]} Ke7 (34... Bxh5 35. Rxf8) 35. Rxf7+ {White mates.} Rxf7 36. Bxf7 Kxf7 {KP-KP} 37. Kd2 Ke6 38. Ke3 Kf5 39. f3 h5 40. Kd3 Ke5 41. Kc4 Kd6 42. a4 {Av CentiPawn Loss W=-11/B=-59. Weighted=-10/-44} 1-0

[Event "DEN-ch KK 2020"]
[Site "Svendborg"]
[Date "2020.10.15"]
[Round "4.2"]
[White "Carstensen, Jacob"]
[Black "Rey Malde, Henrique"]
[Result "1-0"]
[WhiteElo "2350"]
[BlackElo "2201"]
[Annotator "TA"]
[PlyCount "79"]
[EventDate "2020.10.09"]
[EventType "tourn"]
[EventCountry "DEN"]
[SourceTitle "playchess.com"]
[Source "ChessBase"]
[SourceQuality "1"]

{[%evp 18,79,71,71,91,79,91,67,87,106,97,102,97,93,169,52,104,112,117,108,108,108,114,129,180,-8,0,0,197,56,120,103,82,100,95,74,90,73,91,87,106,75,114,93,85,60,140,146,239,232,229,225,291,285,291,283,262,276,301,106,5318,5306,29979,29980]} 1. d4 Nf6 2. c4 d6 3. Nc3 e5 4. Nf3 Nbd7 5. e4 g6 6. Be2 Bg7 7. O-O O-O 8. Qc2 Qe7 9. Be3 c6 10. d5 c5 {E94: King's Indian: Classical: 6 Be2 e5 7 0-0: Various Black 7th moves.} 11. a3 Ne8 {[#]} 12. g3 $146 ({Predecessor:} 12. Bd3 Nb6 13. b4 f5 14. bxc5 dxc5 15. Bg5 Bf6 16. Bxf6 Qxf6 17. a4 Nd6 18. Nd2 {1-0 (31) Benages Mabres,V-Sabadell i Ximenes,D ICCF email 2007}) 12... f5 {White is slightly better.} 13. exf5 $1 gxf5 14. Bg5 Qf7 15. Nh4 f4 (15... a6 $16 {was necessary.}) 16. g4 (16. Kh1 $18) 16... e4 (16... h6 $14) 17. Nxe4 $16 Ne5 {Threatens to win with ...f3.} 18. f3 h6 {[#]} 19. Bd8 $1 b6 20. Ng2 Qg6 (20... b5 $16) 21. Nh4 $2 (21. Bh4 $18) 21... Qf7 $2 (21... Qh7 $11 {and Black is okay.}) 22. Ng2 $18 Qg6 $1 23. Bd3 (23. Bh4 $18) 23... Qf7 (23... Nxd3 $14 24. Qxd3 Bxb2) 24. Bh4 Nxd3 25. Qxd3 Bxb2 26. Ra2 Be5 27. Be1 b5 {aiming for ...bxc4.} 28. Bc3 bxc4 29. Qxc4 Bb7 30. Rd2 {Black must now prevent Bxe5.} Bxc3 31. Qxc3 Rd8 {[#]} (31... Bxd5 $14 32. Nh4 Bxe4 33. fxe4 Qf6 34. Qb3+ Kh7) 32. Nh4 $1 $16 Bxd5 (32... Nf6 $16 {was called for.}) 33. Nf5 $18 Kh7 34. Re1 Be6 35. Nfxd6 Nxd6 36. Nxd6 ({Don't play} 36. Rxd6 Rxd6 37. Nxd6 Qf6 $18) 36... Qg6 37. Qxc5 Rd7 38. Nf5 $2 (38. Nc4 $18 {has better winning chances.} Qf6 39. Rxd7+ Bxd7 40. Re7+ Rf7 41. Rxf7+ Qxf7 42. Ne5 (42. Qxa7 Qd5 $18)) 38... Bxf5 $4 {[%mdl 8192]} (38... Rxf5 $16 39. Rxe6 Rxd2 40. Qxf5 Qxf5 41. gxf5 a5) 39. Qxf8 {Rxd7+ would kill now.} Bxg4 40. Re7+ {Av CentiPawn Loss W=-19/B=-99. Weighted=-31/-96} 1-0